Famous English People Quiz Stats

 Plays Quiz Updated Sep 6, 2015

Challenge
Share
Tweet
Embed
Score 0/25 Timer 05:00
6 Plays Today
Clue Answer % Correct
Female Prime Minister of the UK, 1979-90Margaret Thatcher
98.1%
King responsible for the execution of Anne BoleynHenry VIII
95.5%
Elizabethan playwright called 'The Bard of Avon'William Shakespeare
94.1%
Author of 'On the Origin of Species', 1859Charles Darwin
93%
Nurse and statistician known for her pioneering work in the Crimean WarFlorence Nightingale
78.4%
Naval commander, victor of the Battles of the Nile and TrafalgarHoratio Nelson
76.9%
Soldier and Parliamentarian, Lord Protector of England, 1653–58Oliver Cromwell
74.2%
First European in contact with the eastern coastline of Australia and the Hawaiian IslandsJames Cook
72.6%
Knighted mariner and circumnavigator nicknamed 'El Draque' by the SpanishFrancis Drake
68.6%
Author of 'Philosophiæ Naturalis Principia Mathematica', 1687Isaac Newton
63.1%
Architect designer for much of London after The Great Fire in 1666Christopher Wren
52.1%
Field Marshall and commander of all Allied Land Forces D-Day 1944Bernard Law Montgomery
43.8%
Composer of the 'Enigma Variations' and the 'Pomp and Circumstance Marches'Edward Elgar
38.8%
Clue Answer % Correct
Catholic saint and martyr executed in 1535, author of 'Utopia'Thomas More
36.9%
Political activist and leader of the British suffragette movementEmmeline Pankhurst
36.6%
King of Wessex who successfully resisted Viking invaders in the 9th centuryAlfred the Great
35.8%
Engineer who built the Great Western Railway and the SS Great BritainIsambard Kingdom Brunel
34.8%
First British Prime Minister, 1721-1742Robert Walpole
32.3%
General during the War of the Spanish Succession, victor of the Battles of Blenheim and RamilliesJohn Churchill, Duke of Marlborough
31.1%
Painter of 'Rain, Steam and Speed - The Great Western Railway ' and 'The Fighting Temeraire'Joseph Turner
30.6%
Inventor of the World Wide WebTimothy Berners-Lee
26.6%
Pioneer of antiseptic surgery who promoted the idea of sterile surgeryJoseph Lister
24.2%
One of the leaders of the movement to abolish the slave tradeWilliam Wilberforce
21.8%
Portrait and landscape painter of 'The Blue Boy' and 'The Harvest Wagon'Thomas Gainsborough
18.5%
Commander of the English forces during the battles against the Spanish ArmadaCharles Howard, Earl of Nottingham
3.1%

You're not logged in!

Compare scores with friends on all Sporcle quizzes.
Join for Free
OR
Log In

You Might Also Like...

Show Comments

Extras

Top Quizzes Today


Score Distribution

Your Account Isn't Verified!

In order to create a playlist on Sporcle, you need to verify the email address you used during registration. Go to your Sporcle Settings to finish the process.

Report this User

Report this user for behavior that violates our Community Guidelines.

Details: